|
|
|
|
| LEADER |
00000nas a2200000 4500 |
| 005 |
20110502124555.0 |
| 008 |
070206s19uu9999bl fr p s 0 a0por d |
| 022 |
|
|
|a 1807-1384
|
| 035 |
|
|
|a 5413
|
| 040 |
|
|
|a BUS
|d vLex
|
| 080 |
|
|
|a Ciencias Sociales (General)
|
| 090 |
|
|
|c 2091
|d 2091
|
| 245 |
3 |
0 |
|a Revista Internacional Interdisciplinar INTERthesis
|h [Recurso electrn̤ico]
|
| 246 |
3 |
|
|a INTERthesis.
|
| 256 |
|
|
|a Servicio en ln̕ea.
|
| 260 |
|
|
|a Brasil :
|b Universidade Federal de Santa Catarina.
|
| 300 |
|
|
|a 1 recurso electrn̤ico
|
| 310 |
|
|
|a Semestral.
|
| 506 |
1 |
|
|a Contenido solo disponible en los productos indicados
|d vLex Global
|d vLex Global (Academic Edition, excluding Law Schools)
|d vLex Global (U.S. Academic Edition, Law Schools)
|d vLex Global (U.S. Academic Edition, excluding Law Schools)
|d vLex Global (Academic Edition, Law Schools)
|
| 650 |
0 |
4 |
|a Ciencias sociales
|x Publicaciones perid̤icas.
|
| 650 |
0 |
4 |
|a Interdisciplinariedad
|x Publicaciones perid̤icas.
|
| 710 |
2 |
|
|a Universidade Federal de Santa Catarina.
|
| 740 |
0 |
|
|a vLex Revistas (Servicio en ln̕ea)
|
| 740 |
0 |
|
|a Directory of Open Access Journals (Servicio en ln̕ea)
|
| 856 |
|
|
|u http://vlex.com/source/interthesis-revista-internacional-interdisciplinar-5413
|z Acceso restringido
|
| 942 |
|
|
|c REV
|